000 00291nam a22001337a 4500
008 170527b xxu||||| |||| 00| 0 eng d
020 _a9780965362023
041 _aeng
080 _23RD
_a623
100 _a27
101 _aIM
245 _aMODEL ROCKET
_cMILLIGAN, T.S.V
942 _2udc
_cBK
999 _c14698
_d14698